01353nam a2200385 i 450000100060000000300080000600500170001400600190003100700150005000800410006502000310010602000310013703500230016804000310019105000200022208000090024208200120025110000480026324501250031126400360043630000410047233600310051333700330054433800430057749000320062058800830065265000140073565000170074965000170076665000160078365500270079970000450082683000330087185600630090426529FINmELB20241216215917.0m o u cr cn|||||||||230105s2021 ck o 000 0 spa d a978-958-660-569-4qDigital z978-958-660-568-7qimpreso a(OCoLC) 1363111873 aFINmELBbspaerdacFINmELB 4aB52b.M668 2021 a1:3204a1072231 aMontero González, Martha Soledad,eautor.10aPolítica y Academia /cMartha Soledad Montero González, Esaú Ricardo Páez Guzmán (Investigadores principales). 1aTunja :bEditorial UPTC,c2021. a1 recurso en línea (188 páginas) atextobtxt2rdacontent/spa acomputadorabc2rdamedia/spa arecurso en líneabcr2rdacarrier/spa1 aColección Investigación aDescripción basada en metadatos suministrados por el editor y otras fuentes. 4aAcademia. 4aEducación. 4aFilosofía. 4aPolítica. 4aLibros electrónicos.1 aPáez Guzmán, Esaú Ricardo,eautor. 0aColección Investigación.40uhttps://elibro.net/ereader/politecnicointernacional/219252